Fever pitch / (Record no. 2603)

MARC details
000 -LEADER
fixed length control field 00518pam a2200193 4500
001 - CONTROL NUMBER
control field 3219
005 - DATE AND TIME OF LATEST TRANSACTION
control field 20181127170821.0
008 - FIXED-LENGTH DATA ELEMENTS--GENERAL INFORMATION
fixed length control field 971113r19981992nyu 000 0aeng
010 ## - LIBRARY OF CONGRESS CONTROL NUMBER
LC control number 97046501
020 ## - INTERNATIONAL STANDARD BOOK NUMBER
International Standard Book Number 9780141045498
043 ## - GEOGRAPHIC AREA CODE
Geographic area code e-uk---
100 1# - MAIN ENTRY--PERSONAL NAME
Personal name Hornby, Nick.
245 10 - TITLE STATEMENT
Title Fever pitch /
Statement of responsibility, etc. Nick Hornby.
260 ## - PUBLICATION, DISTRIBUTION, ETC.
Place of publication, distribution, etc. New Delhi :
Name of publisher, distributor, etc. Penguin Books,
Date of publication, distribution, etc. 2009.
300 ## - PHYSICAL DESCRIPTION
Extent 239 p. ;
Dimensions 18 cm.
600 10 - SUBJECT ADDED ENTRY--PERSONAL NAME
Personal name Hornby, Nick.
650 #0 - SUBJECT ADDED ENTRY--TOPICAL TERM
Topical term or geographic name entry element Authors, English
Chronological subdivision 20th century
General subdivision Biography.
Topical term or geographic name entry element Soccer
Geographic subdivision Great Britain.
Holdings
Withdrawn status Lost status Source of classification or shelving scheme Damaged status Not for loan Collection code Home library Current library Shelving location Serial Enumeration / chronology Inventory number Total Checkouts Full call number Barcode Date last seen Price effective from Koha item type
    Dewey Decimal Classification     Main TEST RTC Library RTC Library Main opac 5677   920 HOR 30000893 27/11/2018 27/11/2018 Main
Royal Thimphu College || All Right Reserved